Rukověť exportéra: Lucembursko

Hlavné informácie, ktoré sú dôležité pre uskutočňovanie zahraničného obchodu s Luxemburskom. Doplnenie informácií v čísle 2/94 časopisu, vzhľadom k tomu, že Luxembursko tvorí hospodársku a colnú úniu s Belgickom. Charakteristika krajiny. Obchodné komory, priemyslové zväzy. Clo, colné konanie. Devízo...

Ausführliche Beschreibung

Gespeichert in:
Bibliographische Detailangaben
Format: Buchkapitel
Sprache:Tschechisch
Schlagworte:
Tags: Tag hinzufügen
Keine Tags, Fügen Sie das erste Tag hinzu!

MARC

LEADER 00000naa a2200000 4500
001 r019126
005 20221208131247.0
041 0 |a cze 
044 |a CZ 
245 1 0 |a Rukověť exportéra: Lucembursko 
520 |a Hlavné informácie, ktoré sú dôležité pre uskutočňovanie zahraničného obchodu s Luxemburskom. Doplnenie informácií v čísle 2/94 časopisu, vzhľadom k tomu, že Luxembursko tvorí hospodársku a colnú úniu s Belgickom. Charakteristika krajiny. Obchodné komory, priemyslové zväzy. Clo, colné konanie. Devízové predpisy. Odbytové cesty, obchodní partneri. Doprava. Sprievodné doklady. 
610 2 0 |a Luxembursko 
610 2 0 |a styk zahraničnoobchodný 
610 2 0 |a technika obchodná 
610 2 0 |a dovoz 
610 2 0 |a predpisy colné 
610 2 0 |a predpisy devízové